Manažment v období globálnej konkurencie

Tri nosné systémy svetového manažmentu: japonský, americký a nemecký.Priemyselná politika USA a Japonska. Nadnárodný manažment v medzinárodnom obchode. Analýza zahraničného trhu. Priame investície v zahraničí. Štruktúra korporácií. Kontrola manažmentu nadnárodných firiem. Spolupráca podnikov a vlády...

Descripción completa

Guardado en:
Detalles Bibliográficos
Autor principal: Lapšanská, O.
Otros Autores: Szabó, D.
Formato: Capítulo de libro
Lenguaje:eslovaco
Materias:
Etiquetas: Agregar Etiqueta
Sin Etiquetas, Sea el primero en etiquetar este registro!

MARC

LEADER 00000naa a2200000 4500
001 r023571
005 20230825083550.6
041 0 |a slo 
044 |a SK 
245 1 0 |a Manažment v období globálnej konkurencie  |c O. Lapšanská, D. Szabó 
520 |a Tri nosné systémy svetového manažmentu: japonský, americký a nemecký.Priemyselná politika USA a Japonska. Nadnárodný manažment v medzinárodnom obchode. Analýza zahraničného trhu. Priame investície v zahraničí. Štruktúra korporácií. Kontrola manažmentu nadnárodných firiem. Spolupráca podnikov a vlády. Porovnanie podnikovej kultúry. 
610 2 0 |a manažment 
610 2 0 |a globalizácia hospodárstva 
610 2 0 |a obchod medzinárodný 
610 2 0 |a politika priemyselná 
610 2 0 |a USA 
610 2 0 |a Japonsko 
610 2 0 |a Nemecko 
610 2 0 |a trh zahraničný 
610 2 0 |a financovanie 
610 2 0 |a investície priame zahraničné 
610 2 0 |a korporácie 
610 2 0 |a spoločnosti nadnárodné 
610 2 0 |a firmy 
610 2 0 |a vláda 
610 2 0 |a kultúra podniková 
610 2 0 |a porovnanie medzinárodné 
100 1 |a Lapšanská, O. 
700 1 |a Szabó, D.